Les 200 plus grandes villes de France en Provence Alpes Côte d'Azur - Statistiques

Statistiques générales
  • Ce quiz a été pris 367 fois
  • Le résultat moyen est 14 sur 20
Statistiques - réponses
Ville
Population
(en milliers)
% Correct
2 Marseille 870
99%
5 Nice 342
99%
13 Toulon 178
95%
67 Cannes 74
93%
23 Aix en Provence 145
92%
48 Avignon 91
87%
68 Antibes 73
77%
128 Arles 50
75%
111 Fréjus 54
73%
184 Gap 40
73%
108 Hyères 54
68%
88 La Seyne sur Mer 62
63%
139 Aubagne 47
61%
134 Martigues 48
61%
133 Grasse 48
59%
165 Istres 43
58%
193 Draguignan 39
55%
121 Cagnes sur Mer 52
47%
153 Salon de Provence 45
35%
175 Le Cannet 41
28%
Aucun quiz correspondant
Distribution des résultats
% des personnes avec chaque résultat
Percentile par nombre de réponses
Votre historique - résultats
Vous n’avez pas pris ce quiz